000 00493nam a2200181Ia 4500
005 20250326141644.0
008 250326s9999 xx 000 0 und d
037 _aTextbook
040 _aFMSL
_beng
_cFMSL
041 _aeng
_2eng
084 _qFMSL
100 _anil
245 0 _aCIMA workbook : Management accounting , Strategic planning and marketing
_cnil
260 _aLondon
_bLondon, Ficial Trg. courses
_c1989
300 _a171p
942 _cTB
999 _c1291341
_d1291341